[Event "Moscow op-A 17th"]
[Site "Moscow"]
[Date "2021.02.28"]
[Round "9"]
[White "Zhuk, Kirill"]
[Black "Shaymardanov, Bakhtiyar"]
[Result "1-0"]
[WhiteElo "2054"]
[BlackElo "1702"]
[PlyCount "115"]
[EventDate "2021.02.20"]
[EventType "swiss"]
[EventRounds "9"]
[EventCountry "RUS"]
[SourceTitle "EXT 2022"]
[Source "ChessBase"]
[SourceDate "2021.10.06"]
[SourceVersion "1"]
[SourceVersionDate "2021.10.06"]
[SourceQuality "1"]

1. e4 e6 2. d4 d5 3. Nc3 Nf6 4. e5 Nfd7 5. Nce2 c5 6. c3 Nc6 7. Nf3 f6 8. Nf4 Nb6 9. Bb5 Bd7 10. Bxc6 bxc6 11. 0-0 cxd4 12. cxd4 Be7 13. Re1 0-0 14. exf6 Rxf6 15. Ne5 Bd6 16. b3 Qe7 17. Qg4 Raf8 18. Nfd3 Rf5 19. h4 Be8 20. Bg5 Qc7 21. Nf3 Bf7 22. Nde5 Be8 23. Rac1 Kh8 24. Qh3 Nc8 25. g4 Rxf3 26. Nxf3 Bg6 27. Be3 h6 28. h5 Be4 29. Nd2 Bh7 30. Qg2 e5 31. dxe5 Bxe5 32. Bc5 Rd8 33. Re2 Bf4 34. Rce1 Qd7 35. Qf3 Bg5 36. Qg3 Qf7 37. Be3 Bf6 38. Nf3 Nd6 39. Nd2 Bd3 40. Bb6 axb6 41. Qxd3 Nb5 42. Qg6 Nd6 43. Qxf7 Nxf7 44. Re8+ Kh7 45. Rxd8 Nxd8 46. Nf3 c5 47. Rd1 d4 48. Nd2 Nc6 49. Nc4 Nb4 50. Nxb6 Nxa2 51. Na4 Bg5 52. Nxc5 Nc3 53. Rd3 Be7 54. Ne6 Ne2+ 55. Kf1 Nc1 56. Rxd4 Nxb3 57. Rd7 Bf6 58. Kg2 1-0

[Event "Moscow op-A 16th"]
[Site "Moscow"]
[Date "2020.01.26"]
[Round "2"]
[White "Azali, Tannaz"]
[Black "Shaymardanov, Bakhtiyar"]
[Result "1-0"]
[WhiteElo "2136"]
[BlackElo "1699"]
[PlyCount "105"]
[EventDate "2020.01.25"]
[EventType "swiss"]
[EventRounds "9"]
[EventCountry "RUS"]
[SourceTitle "CBM 194 Extra"]
[Source "ChessBase"]
[SourceDate "2020.03.31"]
[SourceVersion "1"]
[SourceVersionDate "2020.03.31"]
[SourceQuality "1"]

1. d4 d5 2. c4 e6 3. Nc3 Nf6 4. Bg5 Be7 5. e3 Nbd7 6. cxd5 Nxd5 7. Bxe7 Qxe7 8. Rc1 Nxc3 9. bxc3 b6 10. Qf3 Rb8 11. Qg3 0-0 12. Bd3 Bb7 13. Ne2 c5 14. 0-0 Rfd8 15. e4 Rbc8 16. e5 cxd4 17. cxd4 Rxc1 18. Rxc1 Rc8 19. Rxc8+ Bxc8 20. h4 Bb7 21. Nf4 Nf8 22. a3 Ng6 23. Bxg6 hxg6 24. h5 g5 25. Nh3 g4 26. Qxg4 Qxa3 27. Ng5 Bd5 28. h6 Qf8 29. h7+ Kh8 30. Qh5 g6 31. Qg4 b5 32. Qf4 Qe7 33. Nxf7+ Kxh7 34. Qh6+ Kg8 35. Qxg6+ Kf8 36. Nd6 Bc6 37. Qd3 Qg5 38. f3 Qh4 39. Qc3 a5 40. Kf1 Qh1+ 41. Kf2 Qh4+ 42. Ke3 Qg5+ 43. Kf2 Qh4+ 44. Ke2 Bd5 45. Nxb5 Qh2 46. Kf2 Qh4+ 47. Kg1 Kg8 48. Qxa5 Bxf3 49. gxf3 Qg3+ 50. Kf1 Qxf3+ 51. Ke1 Qe3+ 52. Kd1 Qb3+ 53. Kd2 1-0

[Event "Chigorin Memorial 27th"]
[Site "St Petersburg"]
[Date "2019.10.09"]
[Round "5"]
[White "Gagare, Shalmali"]
[Black "Shaymardanov, Bakhtiyar"]
[Result "1/2-1/2"]
[WhiteElo "2134"]
[BlackElo "1470"]
[PlyCount "53"]
[EventDate "2019.10.05"]
[EventType "swiss"]
[EventRounds "9"]
[EventCountry "RUS"]
[SourceTitle "EXT 2020"]
[Source "ChessBase"]
[SourceDate "2019.10.17"]
[SourceVersion "1"]
[SourceVersionDate "2019.10.17"]
[SourceQuality "1"]

1. e4 e6 2. d4 d5 3. Nd2 c5 4. Ngf3 Nc6 5. Bb5 a6 6. Bxc6+ bxc6 7. 0-0 cxd4 8. Nxd4 c5 9. N4f3 Be7 10. Qe2 Nf6 11. Re1 dxe4 12. Nxe4 Nxe4 13. Qxe4 Qd5 14. Qxd5 exd5 15. Bf4 Be6 16. Ng5 Bxg5 17. Bxg5 Kd7 18. c3 Rhe8 19. Rad1 f6 20. Bf4 Kc6 21. Kf1 Bf5 22. Rxe8 Rxe8 23. f3 c4 24. Re1 Rxe1+ 25. Kxe1 Bb1 26. a3 Kb5 27. Kd2 1/2-1/2

[Event "Chigorin Memorial 27th"]
[Site "St Petersburg"]
[Date "2019.10.08"]
[Round "4"]
[White "Shaymardanov, Bakhtiyar"]
[Black "Nikitin, Georgy"]
[Result "1-0"]
[WhiteElo "1470"]
[BlackElo "1920"]
[PlyCount "53"]
[EventDate "2019.10.05"]
[EventType "swiss"]
[EventRounds "9"]
[EventCountry "RUS"]
[SourceTitle "EXT 2020"]
[Source "ChessBase"]
[SourceDate "2019.10.17"]
[SourceVersion "1"]
[SourceVersionDate "2019.10.17"]
[SourceQuality "1"]

1. d4 d5 2. c4 e6 3. Nf3 Nf6 4. g3 dxc4 5. Bg2 Nbd7 6. 0-0 c5 7. dxc5 Bxc5 8. Nbd2 Nb6 9. Ne5 Qc7 10. Nexc4 Nxc4 11. Nxc4 Bxf2+ 12. Rxf2 Qxc4 13. Bg5 Nd5 14. e4 h6 15. exd5 hxg5 16. d6 Bd7 17. Qc1 Qb5 18. a4 Qe5 19. Bxb7 Rd8 20. Qc3 Qxd6 21. Qxg7 Rf8 22. Raf1 Qe7 23. Bf3 Bxa4 24. Bh5 Qc5 25. Bxf7+ Kd7 26. Be8+ Kxe8 27. Qxf8+ 1-0

[Event "Chigorin Memorial 27th"]
[Site "St Petersburg"]
[Date "2019.10.06"]
[Round "2"]
[White "Shaymardanov, Bakhtiyar"]
[Black "Lvov, Nikita"]
[Result "1/2-1/2"]
[WhiteElo "1470"]
[BlackElo "2079"]
[PlyCount "145"]
[EventDate "2019.10.05"]
[EventType "swiss"]
[EventRounds "9"]
[EventCountry "RUS"]
[SourceTitle "EXT 2020"]
[Source "ChessBase"]
[SourceDate "2019.10.17"]
[SourceVersion "1"]
[SourceVersionDate "2019.10.17"]
[SourceQuality "1"]

1. d4 Nf6 2. c4 g6 3. Nc3 d5 4. Nf3 Bg7 5. e3 0-0 6. Qb3 c6 7. Bd2 Qb6 8. Qxb6 axb6 9. cxd5 Nxd5 10. Nxd5 cxd5 11. Bd3 Nc6 12. 0-0 Bg4 13. Rfc1 Rfc8 14. Rc2 Bxf3 15. gxf3 e5 16. Rac1 exd4 17. exd4 Bxd4 18. Bb5 Rxa2 19. Bxc6 bxc6 20. Rxc6 Rxc6 21. Rxc6 Kg7 22. Bc3 Bxc3 23. bxc3 Rc2 24. Rxb6 Rxc3 25. Rd6 Rc5 26. Kg2 Kf8 27. Ra6 Ke7 28. Ra7+ Ke6 29. Ra6+ Kd7 30. f4 Rc6 31. Ra7+ Ke6 32. Kf3 Rd6 33. Ra4 d4 34. Ke2 d3+ 35. Kd2 h6 36. Rb4 Kf5 37. h3 f6 38. Ra4 h5 39. Rb4 Ra6 40. Kxd3 Ra3+ 41. Ke2 Rxh3 42. f3 Rh1 43. Ke3 Re1+ 44. Kf2 Ra1 45. Kg3 Ra5 46. Rc4 g5 47. fxg5 fxg5 48. Rb4 h4+ 49. Kg2 Ra2+ 50. Kg1 h3 51. Rg4 Rb2 52. Rg3 h2+ 53. Kh1 Rf2 54. Rh3 Kf4 55. Rh5 Rd2 56. Rh3 Re2 57. Rh5 Rf2 58. Rh3 Rxf3 59. Rxh2 Ra3 60. Rb2 Kf3 61. Rb1 Kg3 62. Rg1+ Kh4 63. Rb1 Kh3 64. Kg1 g4 65. Rc1 Rb3 66. Ra1 Kg3 67. Rc1 Rd3 68. Ra1 Re3 69. Rb1 Re2 70. Rb3+ Kh4 71. Rb1 Kh3 72. Rb3+ g3 73. Rb1 1/2-1/2

[Event "Chigorin Memorial 27th"]
[Site "St Petersburg"]
[Date "2019.10.05"]
[Round "1"]
[White "Ovezdurdiyeva, Jemal"]
[Black "Shaymardanov, Bakhtiyar"]
[Result "1/2-1/2"]
[WhiteElo "2117"]
[BlackElo "1470"]
[PlyCount "90"]
[EventDate "2019.10.05"]
[EventType "swiss"]
[EventRounds "9"]
[EventCountry "RUS"]
[SourceTitle "EXT 2020"]
[Source "ChessBase"]
[SourceDate "2019.10.17"]
[SourceVersion "1"]
[SourceVersionDate "2019.10.17"]
[SourceQuality "1"]

1. d4 d5 2. c4 e6 3. Nc3 Nf6 4. Bg5 Be7 5. cxd5 exd5 6. e3 c6 7. Bd3 Nbd7 8. Qc2 h6 9. Bh4 Nh5 10. Bxe7 Qxe7 11. Nge2 Nb6 12. 0-0 0-0 13. Rae1 Bd7 14. e4 dxe4 15. Nxe4 Bf5 16. N2g3 Nxg3 17. fxg3 Bxe4 18. Rxe4 Qd7 19. Rh4 Nd5 20. Qd2 Rae8 21. Rf5 Qe7 22. Re4 Qb4 23. Qe2 Rxe4 24. Qxe4 g6 25. Rf2 Qe7 26. Qxe7 Nxe7 27. Be4 Nd5 28. Bxd5 cxd5 29. Rc2 Re8 30. Rc7 Re4 31. Rxb7 Rxd4 32. a3 a5 33. Kf2 Rd2+ 34. Kf3 d4 35. g4 Kg7 36. Rb5 a4 37. h4 d3 38. Rb4 Re2 39. Rxa4 Rxb2 40. Rd4 d2 41. a4 Rb4 42. Rxd2 Rxa4 43. Rd6 Ra3+ 44. Kf4 Ra4+ 45. Kg3 Ra3+ 1/2-1/2